[Event "36th Zalakaros Festival 2017"]
[Site "Zalakaros"]
[Date "2017.05.21"]
[Round "4"]
[White "Sadhwani, Raunak"]
[Black "Papp, Petra"]
[Result "1-0"]
[WhiteElo "2298"]
[BlackElo "2371"]
[Annotator "NA"]
[PlyCount "141"]
[EventDate "2017.??.??"]
[EventType "swiss"]
[EventCountry "HUN"]
[SourceTitle "playchess.com"]
[Source "ChessBase"]
[SourceQuality "1"]
[TimeControl "40/5400+30:1800+30"]

1. e4 {[%emt 0:00:04]} e5 {[%emt 0:01:13]} 2. Nf3 {[%emt 0:00:11]} Nc6 {[%emt 0:00:09]} 3. Bb5 {[%emt 0:00:01]} a6 {[%emt 0:00:10]} 4. Ba4 {[%emt 0:00:03]} Nf6 {[%emt 0:00:18]} 5. O-O {[%emt 0:00:06]} Be7 {[%emt 0:01:22]} 6. Re1 {[%emt 0:00:45]} b5 {[%emt 0:00:31]} 7. Bb3 {[%emt 0:00:05]} O-O {[%emt 0:00:55]} 8. h3 {[%emt 0:01:14]} Bb7 {[%emt 0:01:34]} 9. Nc3 {[%emt 0:02:29]} Na5 {[%emt 0:13:56]} 10. d3 {[%emt 0:04:41]} Nxb3 {[%emt 0:05:03]} 11. axb3 {[%emt 0:00:05]} b4 {[%emt 0:00:30]} 12. Ne2 {[%emt 0:01:02]} d5 {[%emt 0:03:44]} 13. exd5 {[%emt 0:00:30]} Qxd5 {[%emt 0:02:24]} 14. c4 {[%emt 0:12:06]} Qc6 15. d4 {[%emt 0:11:53]} Rad8 {[%emt 0:21:43]} 16. d5 {[%emt 0:05:34]} Nxd5 {[%emt 0:11:23]} 17. cxd5 {[%emt 0:01:05]} Rxd5 {[%emt 0:00:19]} 18. Bd2 {[%emt 0:00:13]} Rfd8 {[%emt 0:09:50]} 19. Rc1 {[%emt 0:03:48]} Qb6 {[%emt 0:03:04]} 20. Ng3 {[%emt 0:04:16]} Rd3 {[%emt 0:01:29]} 21. Qc2 {[%emt 0:04:38]} Bxf3 {[%emt 0:01:45]} 22. Be3 {[%emt 0:00:07]} Qf6 {[%emt 0:09:22]} 23. gxf3 {[%emt 0:00:43]} Qxf3 {[%emt 0:01:59]} 24. Qxc7 {[%emt 0:02:01]} Bf6 {[%emt 0:00:10]} 25. Qc4 {[%emt 0:02:42]} a5 {[%emt 0:03:33]} 26. Qe4 {[%emt 0:03:06]} Qxe4 {[%emt 0:00:48]} 27. Nxe4 {[%emt 0:00:04]} Rxb3 {[%emt 0:00:24]} 28. Red1 {[%emt 0:16:54]} Rxd1+ {[%emt 0:02:26]} 29. Rxd1 {[%emt 0:00:04]} h5 {[%emt 0:00:09]} 30. Rd2 {[%emt 0:01:06]} Be7 {[%emt 0:00:17]} 31. Rd7 {[%emt 0:01:24]} Bf6 {[%emt 0:01:07]} 32. Ra7 {[%emt 0:02:37]} Rxb2 {[%emt 0:00:33]} 33. Rxa5 {[%emt 0:00:13]} Kh7 {[%emt 0:01:19]} 34. Kg2 {[%emt 0:01:07]} Kg6 {[%emt 0:00:46]} 35. Ra6 {[%emt 0:00:16]} Kf5 {[%emt 0:01:31]} 36. Nd6+ {[%emt 0:00:15]} Kg6 {[%emt 0:00:08]} 37. Nc4 {[%emt 0:06:20]} Rb1 {[%emt 0:02:32]} 38. Nxe5+ {[%emt 0:00:17]} Kh7 {[%emt 0:00:24]} 39. Nxf7 {[%emt 0:00:17]} b3 {[%emt 0:00:19]} 40. Ng5+ {[%emt 0:00:00]} Bxg5 {[%emt 0:00:49]} 41. Bxg5 {[%emt 0:05:26]} Rd1 {[%emt 0:01:55]} 42. Rb6 {[%emt 0:00:11]} Rd3 {[%emt 0:01:18]} 43. h4 {[%emt 0:00:52]} Kg8 {[%emt 0:00:26]} 44. Kf1 {[%emt 0:00:14]} Kf7 {[%emt 0:00:55]} 45. Ke2 {[%emt 0:00:15]} Rc3 {[%emt 0:00:32]} 46. f4 {[%emt 0:02:00]} g6 {[%emt 0:01:35]} 47. Kd2 {[%emt 0:00:09]} Rh3 {[%emt 0:01:02]} 48. Kc1 {[%emt 0:00:06]} Rf3 {[%emt 0:01:07]} 49. Kb2 {[%emt 0:00:06]} Rd3 {[%emt 0:01:18]} 50. Rxb3 {[%emt 0:00:09]} Rd7 {[%emt 0:00:16]} 51. Kc2 {[%emt 0:00:09]} Kg7 {[%emt 0:00:41]} 52. Rd3 {[%emt 0:00:05]} Rc7+ {[%emt 0:00:05]} 53. Kd2 {[%emt 0:00:04]} Rb7 {[%emt 0:00:18]} 54. Ke3 {[%emt 0:00:05]} Ra7 {[%emt 0:00:12]} 55. Ke4 {[%emt 0:00:06]} Kf7 {[%emt 0:00:33]} 56. Ke5 {[%emt 0:00:09]} Rb7 {[%emt 0:00:14]} 57. Rd5 {[%emt 0:00:16]} Ra7 {[%emt 0:00:28]} 58. f5 {[%emt 0:00:08]} gxf5 {[%emt 0:00:25]} 59. Kxf5 {[%emt 0:00:07]} Rb7 {[%emt 0:00:24]} 60. Bf6 {[%emt 0:00:10]} Ra7 {[%emt 0:00:52]} 61. Be5 {[%emt 0:00:43]} Ra4 {[%emt 0:01:47]} 62. Rd7+ {[%emt 0:00:20]} Ke8 {[%emt 0:00:11]} 63. Rh7 {[%emt 0:00:18]} Kf8 {[%emt 0:01:32]} 64. Rxh5 {[%emt 0:01:15]} Kf7 {[%emt 0:00:15]} 65. Rh7+ {[%emt 0:00:07]} Kg8 {[%emt 0:00:02]} 66. Rg7+ {[%emt 0:00:06]} Kf8 {[%emt 0:00:21]} 67. Rg4 {[%emt 0:00:07]} Ra6 {[%emt 0:00:25]} 68. Bf6 {[%emt 0:00:10]} Kf7 {[%emt 0:00:17]} 69. Rg7+ {[%emt 0:00:05]} Kf8 {[%emt 0:00:03]} 70. Kg6 {[%emt 0:00:07]} Ra2 {[%emt 0:00:40]} 71. Rd7 {[%emt 0:00:18]} 1-0

[Event "36th Zalakaros Festival 2017"]
[Site "Zalakaros"]
[Date "2017.05.21"]
[Round "4"]
[White "Risting, Eivind Olav"]
[Black "Paschall, William M"]
[Result "1/2-1/2"]
[WhiteElo "2297"]
[BlackElo "2380"]
[Annotator "NA"]
[PlyCount "37"]
[EventDate "2017.??.??"]
[EventType "swiss"]
[EventCountry "HUN"]
[SourceTitle "playchess.com"]
[Source "ChessBase"]
[SourceQuality "1"]
[TimeControl "40/5400+30:1800+30"]

1. d4 {[%emt 0:00:03]} Nf6 {[%emt 0:03:27]} 2. c4 {[%emt 0:00:19]} d6 {[%emt 0:00:40]} 3. Nc3 {[%emt 0:00:39]} e5 {[%emt 0:00:59]} 4. Nf3 {[%emt 0:00:55]} e4 {[%emt 0:01:18]} 5. Ng5 {[%emt 0:02:34]} Qe7 {[%emt 0:00:43]} 6. Qc2 {[%emt 0:07:02]} Bf5 {[%emt 0:02:10]} 7. g4 {[%emt 0:02:06]} Bg6 {[%emt 0:04:52]} 8. Bg2 {[%emt 0:03:22]} Nc6 {[%emt 0:02:01]} 9. Nd5 {[%emt 0:17:18]} Nxd5 {[%emt 0:21:31]} 10. cxd5 {[%emt 0:00:25]} e3 {[%emt 0:00:38]} 11. Qa4 {[%emt 0:06:06]} Qxg5 {[%emt 0:01:47]} 12. Bxe3 {[%emt 0:05:13]} Qxg4 {[%emt 0:01:46]} 13. Bf3 {[%emt 0:03:10]} Qf5 {[%emt 0:08:11]} 14. dxc6 {[%emt 0:01:44]} b6 {[%emt 0:03:36]} 15. d5 {[%emt 0:02:03]} Be7 {[%emt 0:03:10]} 16. Rd1 {[%emt 0:15:45]} Bf6 {[%emt 0:13:00]} 17. Bg4 {[%emt 0:02:29]} b5 {[%emt 0:02:25]} 18. Bxf5 {[%emt 0:01:17]} bxa4 {[%emt 0:00:10]} 19. Bxg6 {[%emt 0:10:04]} 1/2-1/2

[Event "36th Zalakaros Festival 2017"]
[Site "Zalakaros"]
[Date "2017.05.21"]
[Round "4"]
[White "Injac, Teodora"]
[Black "Czupor, Attila"]
[Result "1-0"]
[WhiteElo "2296"]
[BlackElo "2230"]
[Annotator "TA"]
[PlyCount "133"]
[EventDate "2017.??.??"]
[EventType "swiss"]
[EventCountry "HUN"]
[SourceTitle "playchess.com"]
[Source "ChessBase"]
[SourceQuality "1"]

{[%evp 9,133,16,13,15,16,12,12,0,7,-9,-7,-12,-9,-13,-16,-29,-34,-29,0,-82,-80,-82,-81,-81,-80,-96,-80,-85,-86,-84,-83,-82,-69,-65,-71,-85,-68,-66,0,-64,-75,-113,-126,-116,-116,-118,-111,-118,-135,-179,-179,-177,-179,-167,-143,-137,-105,-105,-105,-112,0,0,0,0,0,0,0,0,0,0,0,0,0,0,10,6,14,0,0,0,0,0,0,0,0,0,0,0,0,0,18,0,97,89,105,105,106,66,106,106,106,107,134,133,1386,1334,1399,1329,1282,1283,1246,0,0,0,2237,2062,12837,12838,12838,12833,12839,12839,12840,12840,29992,29993]} 1. d4 d5 2. Nf3 Nf6 3. c4 c6 4. Nbd2 Bf5 5. Nh4 Be6 6. e3 {D11: Slav Defence: 3 Nf3 sidelines and 3...Nf6 4 e3 Bg4} g5 (6... g6 7. b3 Bg7 8. Bb2 O-O 9. Rc1 Ne4 10. Bd3 Nxd2 11. Qxd2 Nd7 12. cxd5 cxd5 {½-½ (87) Mamedyarov,S (2756)-Gelfand,B (2747) Jurmala 2015}) 7. Nhf3 g4 8. Ne5 {The position is equal.} Nbd7 9. Nd3 Bf5 10. cxd5 cxd5 11. Nf4 $146 ({Predecessor:} 11. Qb3 Qb6 12. Nf4 e6 {½-½ (28) Kalavannan,K (2163)-Grigoryan,M (1972) London 2016}) 11... e6 12. Bd3 Bxd3 13. Nxd3 Bd6 14. g3 (14. h3 $11 {keeps the balance.}) 14... h5 $1 $17 15. h3 Ke7 {Strongly threatening ...h4.} 16. h4 Qc7 17. Qe2 Ne4 18. Nxe4 dxe4 19. Nf4 Bxf4 20. exf4 Qa5+ 21. Bd2 Qd5 $1 22. Bb4+ Kf6 {[%cal Be7f6,Bf6g7,Bg7h7][%mdl 32]} 23. O-O Rhc8 ({Black should try} 23... Kg6 $15) 24. f5 (24. Rfe1 $11) 24... Qxf5 $15 25. Qe3 Nb6 $36 {[%mdl 2048] Black is really pushing.} 26. Qh6+ Qg6 27. Qf4+ Kg7 28. Qe5+ Kh7 29. Rfe1 Nd5 30. Ba3 f5 31. Rac1 Qe8 32. b3 Rxc1 33. Rxc1 Rc8 34. Rc5 b6 (34... Qd7 $17 35. Bc1 Re8) 35. Rxd5 $1 $11 exd5 36. Qxf5+ {[%mdl 4096] Endgame KQR-KQB} Kg7 37. Bd6 {Threatens to win with Be5+.} Rc6 38. Be5+ Kg8 39. Qg5+ Qg6 40. Qd8+ Kf7 41. Qxd5+ Re6 42. Bf4 Kg7 43. Qd7+ Qf7 44. Qd8 Re8 45. Qg5+ Qg6 {White must now prevent ...Qxg5.} 46. Qb5 Re7 47. Kf1 Rf7 48. Ke2 Qf5 49. Qc6 Kh7 50. Ke3 Re7 {[#]} (50... Rf8 $11) 51. d5 $1 $16 Rd7 52. d6 Kg8 53. Qc4+ Kg7 54. Qxe4 Qxe4+ 55. Kxe4 {KR-KB} Kf6 56. Kd5 Kf5 $2 {[%mdl 8192]} (56... b5 $16 57. Kc6 Ke6) 57. Bg5 $18 a6 58. Be7 b5 59. b4 Ra7 {[#]} 60. Kc6 $2 ({Only move:} 60. Bd8 $1 $18 Rd7 61. Bg5) 60... Ke6 $11 61. Kb6 Rd7 $2 {[%mdl 8192]} (61... Ra8 $11) 62. Kxa6 $18 Kd5 63. Kxb5 Rb7+ 64. Ka6 Kc6 {[#]} 65. b5+ $1 Rxb5 66. d7 $1 {[%cal Rd7d8]} Rb7 67. d8=Q {Precision: White = 70%, Black = 48%.} 1-0

[Event "36th Zalakaros Festival 2017"]
[Site "Zalakaros"]
[Date "2017.05.21"]
[Round "4"]
[White "Rakesh Kumar Jena"]
[Black "Jakab, Bela"]
[Result "1-0"]
[WhiteElo "2288"]
[BlackElo "2216"]
[Annotator "NA"]
[PlyCount "63"]
[EventDate "2017.??.??"]
[EventType "swiss"]
[EventCountry "HUN"]
[SourceTitle "playchess.com"]
[Source "ChessBase"]
[SourceQuality "1"]
[TimeControl "40/5400+30:1800+30"]

1. e4 {[%emt 0:07:16]} e6 {[%emt 0:00:36]} 2. d4 {[%emt 0:00:09]} d5 {[%emt 0:00:04]} 3. Nd2 {[%emt 0:00:04]} c5 {[%emt 0:00:04]} 4. exd5 {[%emt 0:00:07]} Qxd5 {[%emt 0:00:06]} 5. Ngf3 {[%emt 0:00:05]} cxd4 {[%emt 0:00:09]} 6. Bc4 {[%emt 0:00:05]} Qd6 {[%emt 0:00:05]} 7. O-O {[%emt 0:00:23]} Nf6 {[%emt 0:00:05]} 8. Nb3 {[%emt 0:00:07]} Nc6 {[%emt 0:00:06]} 9. Nbxd4 {[%emt 0:00:54]} Nxd4 {[%emt 0:01:15]} 10. Nxd4 {[%emt 0:00:05]} a6 {[%emt 0:00:06]} 11. Be3 {[%emt 0:02:08]} Qc7 {[%emt 0:01:29]} 12. Bb3 {[%emt 0:00:22]} Bd6 {[%emt 0:01:01]} 13. h3 {[%emt 0:00:07]} O-O {[%emt 0:00:39]} 14. Qe2 {[%emt 0:06:33]} e5 {[%emt 0:23:04]} 15. Nf3 {[%emt 0:00:15]} Bf5 {[%emt 0:00:07]} 16. Rad1 {[%emt 0:00:24]} Bg6 {[%emt 0:05:19]} 17. Nh4 {[%emt 0:03:43]} Bh5 {[%emt 0:04:41]} 18. g4 {[%emt 0:00:06]} Bg6 {[%emt 0:00:04]} 19. Nxg6 {[%emt 0:00:05]} hxg6 {[%emt 0:00:04]} 20. Qd3 {[%emt 0:00:03]} Bc5 {[%emt 0:04:30]} 21. Bxc5 {[%emt 0:00:50]} Qxc5 {[%emt 0:00:05]} 22. Qxg6 {[%emt 0:00:11]} a5 {[%emt 0:00:36]} 23. g5 {[%emt 0:00:46]} Nh7 {[%emt 0:02:26]} 24. Rd7 {[%emt 0:01:13]} e4 {[%emt 0:07:31]} 25. Bxf7+ {[%emt 0:01:11]} Kh8 {[%emt 0:00:04]} 26. Bd5 {[%emt 0:00:19]} Rg8 {[%emt 0:00:25]} 27. Bxg8 {[%emt 0:01:35]} Rxg8 {[%emt 0:00:08]} 28. Qxe4 {[%emt 0:01:00]} Qxg5+ {[%emt 0:00:40]} 29. Qg4 {[%emt 0:00:07]} Qb5 {[%emt 0:01:22]} 30. b3 {[%emt 0:00:41]} Nf6 {[%emt 0:01:41]} 31. Qh4+ {[%emt 0:00:07]} Nh7 {[%emt 0:00:04]} 32. Rd8 {[%emt 0:00:20]} 1-0

[Event "36th Zalakaros Festival 2017"]
[Site "Zalakaros"]
[Date "2017.05.21"]
[Round "4"]
[White "Horvath, Dominik"]
[Black "Kozak, Adam"]
[Result "1/2-1/2"]
[WhiteElo "2275"]
[BlackElo "2411"]
[Annotator "TA"]
[PlyCount "66"]
[EventDate "2017.??.??"]
[EventType "swiss"]
[EventCountry "HUN"]
[SourceTitle "playchess.com"]
[Source "ChessBase"]
[SourceQuality "1"]

{[%evp 14,66,20,23,21,19,19,18,23,22,33,20,21,12,27,0,0,0,11,0,0,0,5,-18,0,8,7,0,22,0,0,0,0,0,0,0,0,0,0,0,0,0,0,0,0,0,0,-20,0,0,0,0,-4,-114,0]} 1. d4 Nf6 2. Nf3 d5 3. c4 e6 4. Nc3 Nbd7 5. Bf4 dxc4 6. e3 Nd5 7. Bxc4 Nxf4 8. exf4 Nb6 {D37: Queen's Gambit Declined: 5 Bf4} 9. Bb3 g6 10. O-O Bg7 {The position is equal.} 11. Ne5 O-O 12. Re1 {[%cal Bf1e1,Be1e2,Be2d2][%mdl 32]} c6 13. Rc1 $146 ({Predecessor:} 13. g3 Nd5 14. h4 Ne7 15. h5 Nf5 16. hxg6 hxg6 {0-1 (53) Shengelia,D (2573)-Berkes,F (2640) Baku 2016}) 13... a5 14. Na4 Nxa4 15. Bxa4 Qb6 16. Re2 Rd8 17. Rd2 Bd7 18. Qb3 Qa7 {[#] Threatens to win with ...b5.} 19. Qe3 Be8 20. h4 h5 21. a3 Rd6 22. Bb3 Rad8 23. Rcd1 $1 Kf8 24. Kh2 Bf6 25. g3 Kg7 26. Ba2 a4 27. Kh3 b5 28. Kh2 Qb6 (28... c5 $5) 29. Qc3 Qa7 30. Qe3 Qb8 (30... c5 $5) 31. Qc3 Qb6 32. Kg2 Qa7 33. Kh2 {[#]} (33. Rd3 $11 {remains equal.}) 33... Qb6 {Precision: White = 55%, Black = 64%.} (33... c5 $1 $17 {[%mdl 512]} 34. d5 (34. Qxc5 Qxc5) 34... c4 35. dxe6 Rxe6 36. Rxd8 Qxf2+ 37. Kh3 Rxe5 38. fxe5 Bxd8 39. Rxd8 Bc6 40. e6+ f6 41. Rd7+ Kh8 42. Rd8+ Kh7 43. Rd7+ Kh8 44. Rd8+ Kh7 45. Rd7+ Kh8) 1/2-1/2

[Event "36th Zalakaros Festival 2017"]
[Site "Zalakaros"]
[Date "2017.05.21"]
[Round "4"]
[White "Ganaus, Hannes"]
[Black "Ugroczky, Peter"]
[Result "0-1"]
[WhiteElo "2271"]
[BlackElo "2185"]
[Annotator "NA"]
[PlyCount "76"]
[EventDate "2017.??.??"]
[EventType "swiss"]
[EventCountry "HUN"]
[SourceTitle "playchess.com"]
[Source "ChessBase"]
[SourceQuality "1"]
[TimeControl "40/5400+30:1800+30"]

1. d4 {[%emt 0:00:05]} d5 {[%emt 0:00:41]} 2. c4 {[%emt 0:00:14]} e6 {[%emt 0:00:06]} 3. Nc3 {[%emt 0:00:37]} Nf6 {[%emt 0:00:15]} 4. cxd5 {[%emt 0:00:26]} exd5 {[%emt 0:00:06]} 5. Bg5 {[%emt 0:00:11]} c6 {[%emt 0:00:35]} 6. e3 {[%emt 0:00:28]} Qb6 {[%emt 0:01:01]} 7. Qd2 {[%emt 0:02:13]} Ne4 {[%emt 0:06:02]} 8. Nxe4 {[%emt 0:01:05]} dxe4 {[%emt 0:00:05]} 9. Ne2 {[%emt 0:00:08]} Bb4 {[%emt 0:04:29]} 10. Nc3 {[%emt 0:00:03]} Be6 {[%emt 0:01:45]} 11. Be2 {[%emt 0:00:30]} O-O {[%emt 0:03:37]} 12. O-O {[%emt 0:00:21]} f5 {[%emt 0:04:32]} 13. a3 {[%emt 0:16:59]} Bxc3 {[%emt 0:06:09]} 14. bxc3 {[%emt 0:00:44]} Nd7 {[%emt 0:01:19]} 15. c4 {[%emt 0:07:11]} Nf6 {[%emt 0:02:54]} 16. Rab1 {[%emt 0:03:34]} Qc7 {[%emt 0:02:20]} 17. Rfd1 {[%emt 0:03:29]} Rad8 {[%emt 0:05:26]} 18. Qb4 {[%emt 0:12:41]} b6 {[%emt 0:03:15]} 19. Rbc1 {[%emt 0:01:58]} c5 {[%emt 0:02:24]} 20. Qa4 {[%emt 0:08:56]} cxd4 {[%emt 0:01:35]} 21. Bf4 {[%emt 0:00:10]} Qc5 {[%emt 0:02:34]} 22. exd4 {[%emt 0:01:07]} Rxd4 {[%emt 0:00:37]} 23. Rxd4 {[%emt 0:00:22]} Qxd4 {[%emt 0:00:07]} 24. Qxa7 {[%emt 0:00:17]} Qb2 {[%emt 0:03:07]} 25. Kf1 {[%emt 0:03:17]} Ng4 {[%emt 0:07:13]} 26. Qe7 {[%emt 0:03:43]} Nxh2+ 27. Ke1 {[%emt 0:00:29]} Bf7 {[%emt 0:04:33]} 28. Qb4 {[%emt 0:01:44]} Qf6 {[%emt 0:02:44]} 29. Bxh2 {[%emt 0:01:40]} Qh6 {[%emt 0:00:06]} 30. Rd1 {[%emt 0:12:12]} Qxh2 {[%emt 0:01:32]} 31. Rd7 {[%emt 0:02:27]} Qg1+ {[%emt 0:01:45]} 32. Kd2 {[%emt 0:02:48]} Qxf2 {[%emt 0:01:21]} 33. Qe7 {[%emt 0:02:08]} g6 {[%emt 0:05:14]} 34. a4 {[%emt 0:03:06]} Qxg2 {[%emt 0:03:56]} 35. c5 {[%emt 0:02:34]} bxc5 {[%emt 0:01:02]} 36. Kd1 {[%emt 0:05:50]} Qg1+ {[%emt 0:01:10]} 37. Kd2 {[%emt 0:00:02]} e3+ {[%emt 0:01:10]} 38. Kc2 {[%emt 0:02:30]} Qa1 {[%emt 0:01:46]} 0-1

[Event "36th Zalakaros Festival 2017"]
[Site "Zalakaros"]
[Date "2017.05.21"]
[Round "4"]
[White "Sankalp Gupta"]
[Black "Raja Harshit"]
[Result "0-1"]
[WhiteElo "2269"]
[BlackElo "2334"]
[Annotator "NA"]
[PlyCount "68"]
[EventDate "2017.??.??"]
[EventType "swiss"]
[EventCountry "HUN"]
[SourceTitle "playchess.com"]
[Source "ChessBase"]
[SourceQuality "1"]
[TimeControl "40/5400+30:1800+30"]

1. e4 {[%emt 0:07:53]} e5 {[%emt 0:00:32]} 2. Nf3 {[%emt 0:00:24]} Nc6 {[%emt 0:00:07]} 3. d4 {[%emt 0:00:02]} exd4 {[%emt 0:00:06]} 4. Nxd4 {[%emt 0:00:03]} Nf6 {[%emt 0:00:10]} 5. Nxc6 {[%emt 0:00:02]} bxc6 {[%emt 0:00:06]} 6. e5 {[%emt 0:00:02]} Qe7 {[%emt 0:00:07]} 7. Qe2 {[%emt 0:00:02]} Nd5 {[%emt 0:00:07]} 8. c4 {[%emt 0:00:01]} Nb6 {[%emt 0:00:07]} 9. Nc3 {[%emt 0:00:11]} Qe6 {[%emt 0:00:41]} 10. Qe4 {[%emt 0:00:16]} g6 {[%emt 0:00:15]} 11. Bd3 {[%emt 0:05:39]} Bg7 {[%emt 0:00:26]} 12. f4 {[%emt 0:00:03]} O-O {[%emt 0:00:08]} 13. O-O {[%emt 0:00:07]} f5 {[%emt 0:00:02]} 14. Qe2 {[%emt 0:07:56]} d6 {[%emt 0:00:08]} 15. c5 {[%emt 0:01:45]} Nd5 {[%emt 0:00:49]} 16. Nxd5 {[%emt 0:01:24]} cxd5 {[%emt 0:00:05]} 17. cxd6 {[%emt 0:19:37]} cxd6 {[%emt 0:00:09]} 18. Re1 {[%emt 0:01:38]} dxe5 {[%emt 0:00:07]} 19. fxe5 {[%emt 0:00:02]} f4 {[%emt 0:00:05]} 20. Bd2 {[%emt 0:04:06]} Bb7 {[%emt 0:01:42]} 21. Bc3 {[%emt 0:10:04]} Rf7 {[%emt 0:09:39]} 22. Qf2 {[%emt 0:03:08]} f3 {[%emt 0:12:28]} 23. g3 {[%emt 0:02:21]} d4 {[%emt 0:03:46]} 24. Bd2 {[%emt 0:08:06]} Bd5 {[%emt 0:15:15]} 25. b3 {[%emt 0:03:59]} Raf8 {[%emt 0:00:23]} 26. Rac1 {[%emt 0:00:44]} Rc8 {[%emt 0:09:03]} 27. Rcd1 {[%emt 0:13:40]} h6 {[%emt 0:11:13]} 28. Bc1 {[%emt 0:04:08]} g5 {[%emt 0:06:27]} 29. Bb2 {[%emt 0:02:35]} Bxe5 {[%emt 0:00:54]} 30. Be4 {[%emt 0:04:27]} Bxe4 {[%emt 0:02:04]} 31. Rxe4 {[%emt 0:00:01]} Qf5 {[%emt 0:00:09]} 32. Rde1 {[%emt 0:00:44]} Rc2 {[%emt 0:00:43]} 33. Rxe5 {[%emt 0:00:48]} Rxf2 {[%emt 0:00:07]} 34. Rxf5 {[%emt 0:00:02]} Rg2+ {[%emt 0:00:06]} 0-1

[Event "36th Zalakaros Festival 2017"]
[Site "Zalakaros"]
[Date "2017.05.21"]
[Round "4"]
[White "Terbe, Julianna"]
[Black "Aczel, Gergely"]
[Result "0-1"]
[WhiteElo "2258"]
[BlackElo "2546"]
[Annotator "TA"]
[PlyCount "128"]
[EventDate "2017.??.??"]
[EventType "swiss"]
[EventCountry "HUN"]
[SourceTitle "playchess.com"]
[Source "ChessBase"]
[SourceQuality "1"]

{[%evp 21,128,0,0,-4,1,0,8,5,6,6,12,11,12,6,6,6,6,7,4,-7,-15,-23,-14,-23,-23,-23,-23,-45,-46,-63,-45,-60,-62,-62,-61,-43,-50,-71,-75,-75,-79,-75,-75,-73,-75,-92,-76,-116,-98,-123,-122,-122,-123,-113,-107,-153,-97,-105,0,-150,-112,-139,-66,-85,-90,-89,-79,-79,-79,-79,-79,-129,-106,-368,-387,-395,-351,-457,-452,-419,-416,-400,-377,-415,-166,-147,-106,-148,-47,-47,0,-64,0,0,0,0,0,0,0,-21,-25,-309,-329,-353,-315,-12844,-12844,-12845,-12845]} 1. e4 c5 2. c3 d5 3. exd5 Qxd5 4. d4 e6 5. Nf3 Nf6 6. Na3 Nc6 7. Nb5 Qd8 8. dxc5 Bxc5 9. Qxd8+ Kxd8 10. Bf4 Ne4 {B22: Sicilian: 2 c3} 11. Rd1+ (11. Ng5 Nxg5 12. Bxg5+ f6 13. Be3 Bxe3 14. fxe3 Ke7 15. O-O-O Ne5 16. Be2 Bd7 17. Nd4 Rac8 18. Rd2 {0-1 (57) Predojevic,B (2616)-Carlsen,M (2864) Lillehammer 2013}) 11... Bd7 {LiveBook: 16 Games} 12. Ng5 Nxg5 {The position is equal.} 13. Bxg5+ f6 14. Bc1 Ke7 $146 ({Predecessor:} 14... e5 15. b4 a6 16. Na3 Ba7 17. Be2 Kc7 18. b5 {½-½ (33) Kapusta,T (2337)-Nowak,Z (2358) ICCF email 2007}) 15. b4 a6 {Hoping for ...Nxb4.} 16. Nc7 Rac8 17. Nxa6 Bd6 18. Nc5 Bxc5 $1 19. bxc5 Ra8 20. Bc4 Ne5 $36 {[%mdl 2048] Black has the initiative.} 21. Bb3 Bb5 {Threatening ...Nd3+.} 22. Be3 Rhc8 23. Rd4 Nd3+ 24. Kd2 Nxc5 25. Kc2 Na4 (25... Nxb3 {seems wilder.} 26. Kxb3 Bc6 27. a3 Kf7 28. Rg1 Ra5) 26. Bxa4 Bxa4+ 27. Kb2 Ra5 28. Rb4 Bc6 29. f3 e5 30. c4 Ke6 31. Bb6 Ra6 32. a3 Rca8 33. Ra1 g5 34. c5 h5 {[%cal Bh7h5,Bh5h4][%mdl 32]} 35. h3 h4 36. Rb3 Kf5 37. Rd3 Ra4 38. Re1 Bb5 (38... e4 $142 39. fxe4+ Rxe4 40. Rxe4 Bxe4 41. g4+ hxg3 42. Rxg3 Bc6) 39. Rb3 $17 Bc6 40. Rd3 $1 Rf4 41. Rd6 Rd4 (41... e4 $17 42. fxe4+ (42. Bd8 $2 Rxd8 43. Rxd8 exf3 $17) 42... Rxe4 43. Rxe4 Bxe4) 42. Bc7 {With the idea Rxf6+!} Raa4 43. Re2 Rxd6 44. cxd6 {[%mdl 4096] Endgame KRB-KRB} Rd4 45. Kc3 Ke6 46. Re3 Bb5 47. Kc2 $2 {[%mdl 8192]} (47. Re1 $17) 47... Bf1 $19 48. Rb3 b5 49. Kc1 Bxg2 50. Rxb5 Bxf3 51. Rb8 Bc6 52. Rf8 g4 (52... Rf4 $142 {And now ...Rf3 would win.} 53. Rh8 Rf3) 53. hxg4 h3 54. Rh8 {[#]} Bg2 (54... Rd3 $1 $17 {Threatens to win with ...Kf7.} 55. a4 Rc3+ 56. Kd2 Ra3) 55. Rh7 $15 Bc6 56. Re7+ Kd5 {...Ke4 is the strong threat.} 57. d7 {[#]} Bxd7 $1 {[%mdl 512]} 58. Rxd7+ $11 {KRB-KR} Ke4 59. Rh7 Kf4 {White must now prevent ...Kg3.} 60. Bb6 (60. Bxe5+ $5 fxe5 61. Rxh3 $17) 60... Rc4+ 61. Kd2 $2 {[%mdl 8192] [#]} (61. Kb2 $1 $11 Kxg4 62. Kb3) 61... Kg3 $1 $19 62. g5 fxg5 63. Rc7 $2 (63. Bc7 Rc5 64. Bb6) 63... Rxc7 64. Bxc7 Kf4 {Precision: White = 34%, Black = 68%.} 0-1

[Event "36th Zalakaros Festival 2017"]
[Site "Zalakaros"]
[Date "2017.05.21"]
[Round "4"]
[White "Varga, Klara"]
[Black "Gara, Ticia"]
[Result "1/2-1/2"]
[WhiteElo "2240"]
[BlackElo "2329"]
[Annotator "NA"]
[PlyCount "32"]
[EventDate "2017.??.??"]
[EventType "swiss"]
[EventCountry "HUN"]
[SourceTitle "playchess.com"]
[Source "ChessBase"]
[SourceQuality "1"]
[TimeControl "40/5400+30:1800+30"]

1. c4 {[%emt 0:05:41]} c5 {[%emt 0:01:09]} 2. g3 {[%emt 0:00:05]} g6 {[%emt 0:00:59]} 3. Bg2 {[%emt 0:00:07]} Bg7 {[%emt 0:00:08]} 4. Nc3 {[%emt 0:00:05]} Nc6 {[%emt 0:00:43]} 5. e3 {[%emt 0:00:06]} e6 {[%emt 0:01:04]} 6. Nge2 {[%emt 0:00:06]} Nge7 {[%emt 0:00:23]} 7. O-O {[%emt 0:00:06]} O-O {[%emt 0:00:29]} 8. d4 {[%emt 0:00:06]} cxd4 {[%emt 0:02:22]} 9. Nxd4 {[%emt 0:00:02]} Nxd4 {[%emt 0:00:12]} 10. exd4 {[%emt 0:00:09]} d5 {[%emt 0:00:21]} 11. cxd5 {[%emt 0:00:17]} Nxd5 {[%emt 0:00:05]} 12. Nxd5 {[%emt 0:00:06]} exd5 {[%emt 0:00:03]} 13. Be3 {[%emt 0:00:07]} Be6 {[%emt 0:01:22]} 14. Qb3 {[%emt 0:00:07]} Qd7 {[%emt 0:00:55]} 15. Rfc1 {[%emt 0:00:07]} Rfc8 {[%emt 0:06:51]} 16. a4 {[%emt 0:00:13]} Bf6 {[%emt 0:14:23]} 1/2-1/2